000 00548nam a2200205Ia 4500
003 OSt
005 20230327084928.0
008 210423s2005 xx 000 0 und d
020 _a195678265
040 _cAL
041 _aeng
082 _a546.6
_223
_b MCCJ
100 _aMCCLEVERTY (Jon).
_978010
245 _aChemistry of the first-row transition metals.
260 _aNew Delhi
_bOxford University Press
_c2005
300 _a90,2
_bPB
365 _b125
_cINR
906 _aChemistry ; first-row ; metals. ; transition
942 _2ddc
_cBK
999 _c154036
_d154036